000 00330nam a22001457a 4500
003 SGT
020 _a978-81-218-0018-8
082 _a617.41
_bA18M
100 _aMURTY,K.R .SRIKANTHA
245 _aASTANGA HRDAYAM
260 _aVARANASI
_bCHAUKHAMBA PUB
_c2018
300 _a520,596,586
650 _aAYURVEDA
942 _2ddc
_cBK
_05
999 _c16575
_d16575